| 000 | 00676nam a2200241Ia 4500 | ||
|---|---|---|---|
| 003 | OSt | ||
| 005 | 20221005050409.0 | ||
| 006 | a|||||r|||| 00| 0 | ||
| 007 | ta | ||
| 008 | 221004b |||||||| |||| 00| 0 hin d | ||
| 020 | _c500 | ||
| 024 | _a89547 | ||
| 037 |
_b154, 24/12/2007, Prachi Book Distributors _cTextual |
||
| 040 |
_aCRL _cCRL _bhin |
||
| 041 |
_2hin _ahin |
||
| 082 | _aR689x1:g, 152P8 | ||
| 245 | 0 | _aPratyakshprama | |
| 260 |
_aKuchh _bShrivallabh Trust India _c2008 |
||
| 300 |
_a645p. _ccm. |
||
| 650 | _aPHILOSOPHY | ||
| 942 |
_hR689x1:g, 152P8 _cTEXL _2cc |
||
| 999 |
_c956991 _d956991 |
||